000 00661nam a2200253Ia 4500
003 OSt
005 20221006145106.0
006 a|||||r|||| 00| 0
007 ta
008 221006b |||||||| |||| 00| 0 eng d
020 _c60.00
024 _a13,761
037 _cTextual
040 _aEASL
_cEASL
_beng
041 _2eng
_aeng
082 _aV58:19(zB)wN05,1, L4
100 _aVLADIMIROV P P
_9434936
245 0 _aChinas special area 1942-1945
260 _aBombay
_bAllied Pub.
_c1974
300 _a499p.
_ccm.
490 _v CEL
942 _hV58:19(zB)wN05,1, L4
_cTEXL
_2CC
999 _c1081847
_d1081847